| 000 | 00615nam a2200205 i 4500 | ||
|---|---|---|---|
| 001 | 91740 | ||
| 003 | ES-MaACL | ||
| 005 | 20230906180812.0 | ||
| 007 | t| | ||
| 008 | 050210s1917 sp ||||1| spa d | ||
| 080 | _a821.134.2-32"19" | ||
| 100 | 1 |
_aSan José, Diego, _d1884-1962 _9102241 |
|
| 245 | 1 | 0 |
_aMurió como un hidalgo _b: novela inédita / _cpor Diego San José. |
| 260 |
_aMadrid : _b[Prensa Popular], _c1917. |
||
| 300 |
_a34 p. ; _c20 cm. |
||
| 490 | 1 |
_aLa novela corta ; _v64 |
|
| 830 | 0 |
_aLa novela corta ; _v64 _9182142 |
|
| 852 |
_aES-MaACL _j2185-F-9 _bR.135430 |
||
| 999 |
_c91740 _d91740 |
||